| 000 | 00692nam a2200217 a 4500 | ||
|---|---|---|---|
| 005 | 20240815063730.0 | ||
| 008 | 170912s2006 ea r 000 0 spa d | ||
| 020 | _a1404274502 | ||
| 035 | _aUPN01000220437 | ||
| 049 | _aI | ||
| 050 | 4 |
_aPZ76.3 _bL4.2 |
|
| 100 | 1 |
_aLeigh, Autumn, _d1971- _933791 |
|
| 245 | 1 | 0 |
_aConoce al búho / _cAutumn Leigh ; tr. José María Obregón. |
| 260 |
_aNew York : _bRosen Classroom Books & Materials, _c2006. |
||
| 300 |
_a8 p. : _bprincipalmente il. col. |
||
| 440 | 0 | _aRosen real readers en español | |
| 650 | 4 |
_aBUHOS - _vLITERATURA INFANTIL _921739 |
|
| 650 | 4 |
_aAnimales _xHábitos y comportamiento _91059 |
|
| 905 | _aInfantil | ||
| 999 |
_c192536 _d192536 |
||